000 00847nam a2200277 4500
003 OSt
005 20260601171002.0
008 260506b\\\\\\\\||||||||\||||\00|\0\eng\d
020 _a8425206197
040 _aICI
_bspa
_cICI
041 _aspa
050 _aNX180.A1
_bP65 2005
100 1 _aPoli, Francesco
_eautor.
_931643
245 1 _aProduccion artistica y mercado /
_cFrancesco Poli ; vers. castellana Jaume Forga
300 _a141 páginas
336 _atexto
_2rdacontent
337 _asin medio
_2rdamedia
338 _avolumen
_2rdacarrier
490 _aColección punto y línea
500 _aTraducción de: Produzione artistica e mercato
650 _aArte y sociedad.
_91426
650 _aMercado del arte.
_931644
650 _aEconomía del arte.
_931645
700 1 _aForga, Jaume,
_etraductor
_931646
942 _2lcc
_cB
_n1
999 _c20129
_d20129